Design and build contract practice (Record no. 86450)
[ view plain ]
| 000 -LEADER | |
|---|---|
| fixed length control field | 01432cam a2200313 4500 |
| 008 - FIXED-LENGTH DATA ELEMENTS--GENERAL INFORMATION | |
| fixed length control field | 090401t1995 xxu||||| |||| 00| 0 eng d |
| 020 ## - INTERNATIONAL STANDARD BOOK NUMBER | |
| International Standard Book Number | 0582089689 |
| 035 ## - SYSTEM CONTROL NUMBER | |
| System control number | (Sirsi) u7867 |
| 041 0# - LANGUAGE CODE | |
| Language code of text/sound track or separate title | eng |
| 050 04 - LIBRARY OF CONGRESS CALL NUMBER | |
| Classification number | 692.8 $2 18 |
| 100 1# - MAIN ENTRY--PERSONAL NAME | |
| Personal name | Turner, Dennis F. |
| 245 00 - TITLE STATEMENT | |
| Title | Design and build contract practice |
| 250 ## - EDITION STATEMENT | |
| Edition statement | 2nd edition |
| 260 ## - PUBLICATION, DISTRIBUTION, ETC. | |
| Place of publication, distribution, etc. | Harlow |
| Name of publisher, distributor, etc. | Longman |
| Date of publication, distribution, etc. | 1995 |
| 300 ## - PHYSICAL DESCRIPTION | |
| Extent | xi, 328p. |
| Dimensions | 24cm. |
| 350 ## - PRICE (NR) (BK AM CF MU VM SE) [OBSOLETE] | |
| Price | 40 |
| 520 ## - SUMMARY, ETC. | |
| Summary, etc. | Considers the principles behind design and build and the pratical application of this procurement route. Discusses the common forms of contract, variants and alternatives to design and build, and liability. |
| 650 24 - SUBJECT ADDED ENTRY--TOPICAL TERM | |
| Topical term or geographic name entry element | JCT STANDARD FORM OF CONTRACT WITH CONTRACTOR'S DESIGN (1981 EDITION) |
| 650 24 - SUBJECT ADDED ENTRY--TOPICAL TERM | |
| Topical term or geographic name entry element | JCT STANDARD FORM OF CONTRACT WITH QUANTITIES CONTRACTOR'S DESIGN PORTION SUPPLEMENT (1981 EDITION) |
| 650 24 - SUBJECT ADDED ENTRY--TOPICAL TERM | |
| Topical term or geographic name entry element | DOMESTIC SUBCONTRACT ARTICLES OF AGREEMENT (1981 EDITION) |
| 650 24 - SUBJECT ADDED ENTRY--TOPICAL TERM | |
| Topical term or geographic name entry element | GENERAL CONDITIONS OF CONTRACT FOR BUILDING AND CIVIL ENGINEERING SINGLE STAGE DESIGN AND BUILD VERSION (THIRD EDITION) |
| 650 24 - SUBJECT ADDED ENTRY--TOPICAL TERM | |
| Topical term or geographic name entry element | MANUAL OF THE BPF SYSTEM FOR BUILDING DESIGN AND CONSTRUCTION (1983 EDITION) |
| 650 24 - SUBJECT ADDED ENTRY--TOPICAL TERM | |
| Topical term or geographic name entry element | ACA FORM OF BUILDING CONTRACT BRITISH PROPERTY FEDERATION EDITION (1984 EDITION) |
| 650 24 - SUBJECT ADDED ENTRY--TOPICAL TERM | |
| Topical term or geographic name entry element | ICE DESIGN AND CONSTRUCT CONDITIONS OF CONTRACT (1992 EDITION) |
| 651 #4 - SUBJECT ADDED ENTRY--GEOGRAPHIC NAME | |
| Geographic name | United Kingdom |
| Chronological subdivision | |
| 690 ## - LOCAL SUBJECT ADDED ENTRY--TOPICAL TERM (OCLC, RLIN) | |
| Topical term or geographic name as entry element | Procurement |
| 9 (RLIN) | 6260 |
| 942 ## - ADDED ENTRY ELEMENTS (KOHA) | |
| Suppress in OPAC | 0 |
| 948 ## - LOCAL PROCESSING INFORMATION (OCLC); SERIES PART DESIGNATOR (RLIN) | |
| c (OCLC) | 04/03/1997 |
| Withdrawn status | Lost status | Source of classification or shelving scheme | Damaged status | Not for loan | Home library | Current library | Shelving location | Date acquired | Cost, normal purchase price | Total Checkouts | Full call number | Barcode | Date last seen | Date last checked out | Copy number | Cost, replacement price | Price effective from | Koha item type |
|---|---|---|---|---|---|---|---|---|---|---|---|---|---|---|---|---|---|---|
| Dewey Decimal Classification | London | London | Books | 28/02/1996 | 40.00 | 75 | 692.8 TUR | 30047344 | 06/08/2019 | 15/07/2009 | 1 | 40.00 | 06/08/2019 | Book |